| 000 | 00720nam a2200241 4500 | ||
|---|---|---|---|
| 999 |
_c4012 _d4012 |
||
| 001 | 3156912 | ||
| 003 | OSt | ||
| 005 | 20220317061355.0 | ||
| 008 | 720911s1972 nyu b 000 0 eng | ||
| 010 | _a 74185136 | ||
| 040 |
_aDLC _cALUPE UNIVERSITY _dDLC |
||
| 050 | 0 | 0 |
_aBF295 _b.H3 |
| 082 | 0 | 0 | _a152.3 |
| 100 | 1 | _aHarrow, Anita J. | |
| 245 | 1 | 2 |
_aA taxonomy of the psychomotor domain; _ba guide for developing behavioral objectives _c[by] Anita J. Harrow. |
| 260 |
_aNew York, _bD. McKay Co. _c[1972] |
||
| 300 |
_ax, 190 p. _c22 cm. |
||
| 350 | _a$2.95 | ||
| 504 | _aBibliography: p. 185-190. | ||
| 650 | 0 | _aMovement, Psychology of. | |
| 906 |
_a7 _bcbc _corignew _d2 _encip _f19 _gy-gencatlg |
||
| 942 |
_2lcc _cBK _nJO |
||